000 00577nam a2200169Ia 4500
003 IN-BaIIA
008 211028s9999 xx s 000 0 eng d
020 _a9780819467027 (Print)
040 _cIIA Library
100 _aPonomarev, Yurii, ed.
_941194
245 0 _a15th Symposium on High-Resolution Molecular Spectroscopy
_h[eBook]
260 _aWashington, USA
_bSPIE
_c2006
300 _aOnline resource
490 _aProceedings of SPIE; V. 6580
856 _uhttps://www.spiedigitallibrary.org/conference-proceedings-of-spie/6580
_yClick Here to Access eBook
942 _cEB
999 _c22566
_d22566